| 000 | 01060nam a22002417a 4500 | ||
|---|---|---|---|
| 005 | 20240530110545.0 | ||
| 008 | 160116s2013 ua g 000 0 ara d | ||
| 016 | _29789773279950 | ||
| 017 |
_a2012/13656 _bمصر . دار الكتب المصرية |
||
| 040 | _aEG-CaGPL | ||
| 082 | 0 | 4 |
_221 _a307.14\ _bأ ق |
| 100 | 0 | _aاحمد عبدالرؤوف درويش . | |
| 245 | 1 | 0 |
_aقضايا التنمية فى الدول النامية : _bمقدمة فى سوسيولوجيا التنمية / _cتاليف احمد عبدالرؤوف درويش . |
| 250 | _aط1. | ||
| 260 |
_aالاسكندرية : _bدار الوفاء لدنيا الطباعة و النشر ، _c2013 . |
||
| 300 |
_a191 ص ؛ _c24 سم . |
||
| 504 | _aيشتمل على ارجاعات ببليوجرافية . | ||
| 651 | 0 | 4 | _aالدول النامية . |
| 651 | 0 | 4 |
_aالدول النامية _xالتنمية الاقتصادية . |
| 651 | 0 | 4 |
_aالدول النامية _xالاحوال السياسية . |
| 942 |
_2ddc _cBK |
||
| 999 |
_c62331 _d62331 |
||